Top 8 Most Valuable Global Brands - Statistics

General Stats
  • This quiz has been taken 29 times
  • The average score is 8 of 8
Answer Stats
Picture Answer % Correct
Amazon
100%
Apple
100%
Facebook
100%
Mastercard
100%
McDonalds
100%
Microsoft
100%
Google
96%
Alibaba
80%
No matching quizzes found
Score Distribution
Percent of People with Each Score
Percentile by Number Answered
Your Score History
You have not taken this quiz